|
|
|
|
| LEADER |
00000nas a2200000 i 4500 |
| 001 |
ssj0000778653 |
| 003 |
WaSeSS |
| 005 |
20200512172242.0 |
| 006 |
m d |
| 007 |
cr n |
| 008 |
120420d200u2017pauqr p s | a0eng |
| 010 |
|
|
|a 2012200301
|
| 015 |
|
|
|a GBB605255
|2 bnb
|
| 016 |
7 |
|
|a 017111003
|2 Uk
|
| 022 |
|
|
|a 2167-2865
|y 2167-2857
|
| 035 |
|
|
|a (WaSeSS)ssj0000778653
|
| 037 |
|
|
|b Knowledge Enterprises Incorporated, P.O. Box 1075 Anoka, MN 55303
|
| 040 |
|
|
|a DLC
|b eng
|e pn
|c DLC
|d DLC
|d ZCU
|d OCLCO
|d OCLCF
|d OCLCQ
|d VT2
|d OCLCO
|d DLC
|d UKMGB
|d DLC
|d UAB
|d DLC
|d U3W
|d DKU
|d COO
|d WaSeSS
|
| 042 |
|
|
|a nsdp
|a pcc
|
| 050 |
0 |
0 |
|a QB1
|
| 082 |
1 |
0 |
|a 520
|2 14
|
| 210 |
0 |
|
|a Astron. rev.
|b (Anoka, Minn. Online)
|
| 222 |
|
0 |
|a Astronomical review
|b (Anoka, Minn. Online)
|
| 245 |
0 |
0 |
|a Astronomical review
|h [electronic resource].
|
| 260 |
|
|
|a Anoka, Minnesota :
|b The Astronomical Review
|
| 260 |
3 |
|
|3 <2011-> :
|a Philadelphia, PA :
|b Taylor & Francis
|
| 310 |
|
|
|a Quarterly
|
| 362 |
1 |
|
|a Began with Volume 6, issue 7 (2011); ceased with v.13, no. 3/4 (Oct. 2017).
|
| 506 |
|
|
|a License restrictions may limit access.
|
| 515 |
|
|
|a Some issues combined.
|
| 588 |
|
|
|a Description based on: Volume 6, issue 7 (2018); title from journal homepage (publisher's Web site, viewed October 15 2012).
|
| 588 |
|
|
|a Latest issue consulted: Volume 13, issue 3/4 (2017) (Taylor & Francis online, viewed November 3, 2018).
|
| 650 |
|
0 |
|a Astronomy
|v Periodicals.
|
| 650 |
|
7 |
|a Astronomy.
|2 fast
|0 (OCoLC)fst00819673
|
| 655 |
|
0 |
|a Electronic journals.
|
| 776 |
0 |
8 |
|i Print version:
|t Astronomical review
|x 2167-2857
|w (DLC) 2012200300
|w (OCoLC)786295583
|
| 850 |
|
|
|a DLC
|
| 856 |
4 |
0 |
|z Full text available from Research Library: 10/01/2011 to 07/31/2017
|u https://search.proquest.com/publication/3933319
|